Ladder-Shaped Ladder Quiz Stats

 Plays Quiz Updated Oct 29, 2018

Challenge
Share
Tweet
Embed
Score 0/112 Timer 03:00
18 Plays Today
% Correct
Opposite of right.
99.5%
l██████████████████████
99.3%
l██████████████████████
99.3%
l██████████████████████
99.3%
l██████████████████████
99.3%
l██████████████████████
99.3%
l██████████████████████
99.3%
l██████████████████████
99.3%
l██████████████████████
99.3%
l██████████████████████
99.3%
l██████████████████████
99.3%
l██████████████████████
99.3%
l██████████████████████
99.3%
l██████████████████████
99.3%
l██████████████████████
99.3%
l██████████████████████
99.3%
l██████████████████████
99.3%
l██████████████████████
99.3%
l██████████████████████
99.3%
l██████████████████████
99.3%
Opposite of girls.
99.3%
l██████████████████████
99.3%
██████████████████████l
99.3%
██████████████████████l
99.3%
██████████████████████l
99.3%
██████████████████████l
99.3%
██████████████████████l
99.3%
██████████████████████l
99.3%
██████████████████████l
99.3%
██████████████████████l
99.3%
██████████████████████l
99.3%
██████████████████████l
99.3%
██████████████████████l
99.3%
██████████████████████l
99.3%
██████████████████████l
99.3%
██████████████████████l
99.3%
██████████████████████l
99.3%
██████████████████████l
99.3%
% Correct
██████████████████████l
99.3%
██████████████████████l
99.3%
██████████████████████l
99.3%
██████████████████████l
99.3%
Above the top floor, attic.
98.9%
LEFT
98.6%
Plunder, swag.
81.1%
LOFT
78.3%
The one in charge.
78%
BOYS
76.7%
Not quite all.
76.2%
Green growth on rocks.
75%
Fail to hit.
74.4%
MOSS
74.1%
Stand the test of time.
73.8%
BOSS
73.8%
Misplaced. Island TV series.
72.6%
LOST
72.3%
Gentle spray, light fog.
71.8%
Folk___, legends.
71.5%
MISS
71.2%
Take a peek.
71.1%
Fail to win.
71.1%
Speaker Manufacturer.
71%
After dinner candy.
71%
Opposite of profit.
70.9%
A young woman.
70.9%
Hollow made by a blow.
70.8%
LOSE
70.4%
MIST
70.4%
Rigid bandage. TV ensemble
69.9%
MOST
69.4%
Apple leftover.
69.3%
Prepare food.
69.1%
Champagne bottle stopper.
69.1%
LOSS
68.8%
One-third of a yard
68.6%
Castle, outpost.
68.6%
% Correct
Drill a hole. Make yawn.
68.2%
Nine-to-five routine.
68.1%
CORK
68.1%
LAST
67.7%
CORE
67.3%
COOK
67.3%
LOOK
67.2%
LOOT
67.1%
LORE
66.9%
LASS
66.9%
Golf warning cry.
66.3%
Price of a bus ticket.
65.4%
Take a risk, be bold.
65.3%
MINT
65%
Not yours!
65%
FOOT
64.5%
FORE
64.3%
Golf vehicle.
64.1%
Thrown at the bullseye.
63.8%
MINE
63.4%
Can be run in 4 minutes.
63.4%
Loose earth or soil.
62.8%
FARE
62.5%
Early bird's snack.
62.1%
WORK
62.1%
DART
62.1%
FORT
61.5%
CART
61.1%
MILE
60.4%
WORM
59.7%
DARE
59.6%
BOSE
59.6%
DIRT
58.5%
CAST
58.5%
BORE
56.4%
DINT
49.6%

You're not logged in!

Compare scores with friends on all Sporcle quizzes.
Join for Free
OR
Log In

You Might Also Like...

Show Comments

Extras

Top Quizzes Today


Score Distribution

Your Account Isn't Verified!

In order to create a playlist on Sporcle, you need to verify the email address you used during registration. Go to your Sporcle Settings to finish the process.

Report this User

Report this user for behavior that violates our Community Guidelines.

Details: